Sołectwa gminy Rossosz - nagła śmierć - Statystyki

Ogólne statystyki
  • Ten quiz został rozwiązany 6 razy
  • Średni wynik to 3 z 6
Answers on the Grid
Answers color-coded by a green-red scale on the quiz's grid according to % correct below.
Bordziłówka
Kożanówka
Mokre
Musiejówka
Romaszki
Rossosz
Wisznice
Dubów
Kodeń
Sławatycze
Hanna
Siemień
Podedwórze
Rozwadówka
Ratajewicze
Drelów
Rowiny
Wygoda
Lipinki
Curyn
Dołholiska
Cichostów
Milanów
Kostry
Rudno
Okalew
Radcze
Mosty
Dębów
Zieleniec
 
Statystyki odpowiedzi
Odpowiedź % Poprawnych
Rossosz
100%
Kożanówka
50%
Mokre
50%
Musiejówka
50%
Romaszki
50%
Bordziłówka
0%
Nie znaleziono quizów pasujących do podanych kryteriów
Rozkład punktacji
Procent ludzi z każdym wynikiem
Percentyl według liczby udzielonych odpowiedzi
Twoja historia wyników
Nie rozwiązałeś tego quizu